Logos-Vol. 20, no. 4 (December 1981) (Record no. 4785)
[ view plain ]
| 000 -LEADER | |
|---|---|
| fixed length control field | 00327nam a2200109 4500 |
| 008 - FIXED-LENGTH DATA ELEMENTS--GENERAL INFORMATION | |
| fixed length control field | 240222b |||||||| |||| 00| 0 eng d |
| 942 ## - ADDED ENTRY ELEMENTS (KOHA) | |
| Item Type | Periodicals |
| 245 ## - TITLE STATEMENT | |
| Title | Logos-Vol. 20, no. 4 (December 1981) |
| 246 ## - VARYING FORM OF TITLE | |
| Title | Woman's subordination : Asian perspectives |
| 260 ## - PUBLICATION, DISTRIBUTION, ETC. (IMPRINT) | |
| Place of Publication | Colombo : |
| Name of Publisher | Centre for society and religion, |
| Date of Copyright | 1981 |
| 300 ## - PHYSICAL DESCRIPTION | |
| Physical Details | 105 p. |
| Withdrawn status | Lost status | Source of classification or shelving scheme | Damaged status | Not for loan | Permanent location | Current location | Date acquired | Total Checkouts | Full call number | Barcode | Date last seen | Price effective from | Koha item type |
|---|---|---|---|---|---|---|---|---|---|---|---|---|---|
| Dewey Decimal Classification | Resource center, Muslim Women's Research And Action Forum | Resource center, Muslim Women's Research And Action Forum | 2024-02-22 | 305.42 LOG | RAF5069 | 2024-02-22 | 2024-02-22 | Periodicals | |||||
| Dewey Decimal Classification | Resource center, Muslim Women's Research And Action Forum | Resource center, Muslim Women's Research And Action Forum | 2024-02-22 | 305.42 LOG | RAF5086 | 2024-02-22 | 2024-02-22 | Periodicals |

